000 00837nmc a2200289 a 4500
003 AR-BaBNM
005 20251128211250.0
008 123020s2002 ||||||||||||||000 | spa||
020 _a84-277-1326-6
040 _cAR-BaBNM
100 1 _aNicolson, Doula
245 1 0 _aProblemas de la adolescencia
_bguía práctica para el profesorado y la familia
260 _aMadrid
_bNarcea
_c2002
300 _a171 p.
_btablas
490 0 _aSecundaria para todos
504 _aContiene referencias bibliográficas p. 167-171
650 4 _aPSICOLOGIA DEL ADOLESCENTE
650 4 _aPSICOLOGIA DEL DESARROLLO
650 4 _aADOLESCENTES
650 4 _aAPRENDIZAJE
650 4 _aPSICOLOGIA DE LA EDUCACION
650 4 _aESTUDIOS DE CASOS
653 _aEDUCACION SECUNDARIA
700 1 _aAyers, Harry
942 _cBK
998 _craquel
999 _c18918
_d18918